00380nam a22001457a 4500003000400000005001700004008004100021020001800062040000900080082001800089100002100107245006300128260003400191300000900225OSt20210225151036.0210225b ||||| |||| 00| 0 eng d a9788126474097 coclc a954.83bNAR/K aNarayanan, M G S aKerala Charithrathile 10 Kallakkathakal /cM G S Narayanan aKottayam:bD C Books, c2016. a143p